Looking for the man : draft script /

Bibliographic Details
Main Author: Cannon, Doran William
Format: eBook
Language:English
Published: Alexandria, VA : Alexander Street Press, 2004.
Edition:[1st electronic ed.].
Series:American film scripts online.
Subjects:
Online Access:Connect to the full text of this electronic book

MARC

Tag First Indicator Second Indicator Subfields
LEADER 00000cam a22000003i 4500
001 in00002521925
005 20220215205416.0
006 m | d |
007 cr |n|---||||a
008 061024s2004 vau |s ||||||| ||eng|d
035 |a (VaAlASP)ASPFS0000741/afso 
035 |a (Voyager)3500463 
040 |a VaAlASP  |d UtOrBLW 
090 |a PN1997  |b .L6637 2004eb 
100 1 |a Cannon, Doran William. 
245 1 0 |a Looking for the man :  |b draft script /  |c by Doran William Cannon. 
250 |a [1st electronic ed.]. 
264 1 |a Alexandria, VA :  |b Alexander Street Press,  |c 2004. 
336 |a text  |b txt  |2 rdacontent 
337 |a computer  |b c  |2 rdamedia 
338 |a online resource  |b cr  |2 rdacarrier 
490 1 |a American film scripts online 
500 |a Title from HTML title page (viewed December 10, 2006). 
506 |a Access restricted to subscribers. 
538 |a Mode of access: World Wide Web. 
500 |a Electronic resource. 
655 0 |a Electronic books. 
655 0 |a Motion picture plays. 
830 0 |a American film scripts online. 
856 4 0 |u http://proxy.library.tamu.edu/login?url=http://www.aspresolver.com/aspresolver.asp?AFSO;FS000741  |z Connect to the full text of this electronic book  |t 0 
999 |a MARS 
999 f f |s 38b9efb3-d2a5-32ad-a00d-3b41847bf34c  |i ad12d504-7b6f-32b6-a52c-81b68ccdd471  |t 0 
952 f f |a Texas A&M University  |b College Station  |c Electronic Resources  |d Available Online  |t 0  |e PN1997 .L6637 2004eb  |h Library of Congress classification 
998 f f |a PN1997 .L6637 2004eb  |t 0  |l Available Online